000 00509nmm a2200169Ia 4500
008 251105s9999||||xx |||||||||||||||||und||
020 _a9788416421077
041 _aspa
100 _aGrassi, Ernesto
245 0 _aRetórica como filosofía. La tradición humanista
264 _a[Madrid, España] :
_bAnthropos,
_c2015
300 _a176 páginas
490 _aAutores, textos y temas. Humanismo
650 _aPhilosophy, Ethics
856 _uhttps://public.digitaliapublishing.com/a/41723
942 _cCF
999 _c77711
_d77711